LEADER 01171nam a2200289 a 4500 001 000000129980 003 CaOOAMICUS 005 20120911122928.0 008 120911s2007 it u000 u ita r 020 $z978-88-8272-3491* 040 $aPUL$bita 082 04$a179.7 100 1 $aCasini, Carlo.$0(OLS)http://pul/name/28217 245 10$aBiopolitica: l'ora č venuta :$bpolitica e diritto alla vita /$cCarlo Casini. 260 $aSiena :$bCantagalli,$c©2007. 300 $a151 p. ;$c21 cm. 650 4$aBiopolitica.$0(OLS)http://pul/subject/36566 650 4$aVita$xFine$xAspetti morali e religiosi.$0(OLS)http://pul/subject/35268 850 $aPUL 852 $aPUL$W1$xSL Filosofia 3$y81$m179. 7 CASCA 1$j150523$qDDC 21$B149064$CPULBib$Z2$F149064 $H120605 $82 941 1 $a9 960 $aFine vita$935268 996 $6020$z978-88-8272-3491*$9(OLS)http://pul/number/150443 996 $6082$a179.7$9(OLS)http://pul/classification/418 996 $6245$aBiopolitica: l'ora č venuta :$bpolitica e diritto alla vita$9(OLS)http://pul/title/164308 996 $6260$aSiena :$bCantagalli$9(OLS)http://pul/publisher/48759 LEADER 01305nam a2200265 u 4500 001 000000017024 003 CaOOAMICUS 005 20070226110047.0 008 940517s1961 it af u000 u ita u 035 $a10399491 040 $aPUL(R)$bita 245 10$aDall'Attualismo allo Spiritualismo critico (1931-1938) /$cMichele Federico Sciacca. 260 $aMilano :$bMarzorati,$c1961. 300 $a559 p., [1] c. di tav. :$bill. color. ;$c22 cm 490 1 $aOpere complete di Michele F. Sciacca ;$v12 500 $aContiene indici. 504 $aBibliografia in nota. 650 4$aSpiritualismo (filosofia).$0(OLS)http://pul/subject/12032 650 4$aFilosofia moderna.$0(OLS)http://pul/subject/703 800 1 $aSciacca, Michele Federico,$d1908-1975.$tOpere$9(Sciacca, Michele Federico, 1908-1975) ;$v12.$0(OLS)http://pul/nameTitle/30$0(OLS)http://pul/name/3648$0(OLS)http://pul/title/7268 850 $aPUL 852 $aPUL$W1$xDP1 Fondo Giannini$y60$m1559 B 26$j24004$nBK-PRI$b $qFondi$B24004$CPULBib$Z2$F24004 $H $81 852 $aPUL$W1$xSL Filosofia 1$y2$m93 I 12$j24005$nBK-PRI$b $qStampati$B24005$CPULBib$Z2$F24005 $H $81 961 $aINV: F. Giannini 996 $6260$aMilano :$bMarzorati$9(OLS)http://pul/publisher/49236 LEADER 01011nam a2200229 u 4500 001 000000020943 003 CaOOAMICUS 005 20070226110946.0 008 070226s1872 it u000 u ita u 035 $a10514727 040 $aBSR$bita$dPUL(R) 100 1 $aMatteucci, Giovanni,$csac.$0(OLS)http://pul/name/18123 245 10$aCenni storici dell'Anzio antico, Nettuno e Porto d'Anzio /$copera del Prof. Giovanni Canonico Matteucci .. 260 $aRoma :$bVaselli,$c1872. 300 $a102 p. ;$c24 cm 651 0$aAnzio (Italy)$xHistory.$2//eng$0(OLS)http://pul/subject/12757 651 0$aNettuno (Italy)$xHistory.$2//eng$0(OLS)http://pul/subject/13664 850 $aPUL 852 $aPUL$W1$xDP1 Antico 800$y27$m119 B 21$j29445$nBK-PRI$b $qStampati Antico$B29445$CPULBib$Z2$F29445 $H $81 941 1 $a15 996 $6245$aCenni storici dell'Anzio antico, Nettuno e Porto d'Anzio$9(OLS)http://pul/title/29405 996 $6260$aRoma :$bVaselli$9(OLS)http://pul/publisher/56871 LEADER 01361nam a2200289 a 4500 001 000000123585 003 CaOOAMICUS 005 20101028120503.0 008 101028t2010 it m 000 u ita r 020 $a978-88-465-0712-9 040 $aPUL$bita 100 1 $aKorzeniowski, Ireneusz,$d1964-$0(OLS)http://pul/name/26695 245 13$aIl Logos-Verbum mentis in s. Tommaso d'Aquino e in Bernard Lonergan /$cIreneusz Wojociech Korzeniowski. 260 $aRoma :$bLateran University Press,$c©2010. 300 $a538 p. ;$c22 cm 490 1 $aSaggi per il nostro tempo ;$v21 504 $aBibliografia: p. 459-533. 600 14$aLonergan, Bernard Joseph Francis,$cS.I.,$d1904-1984.$0(OLS)http://pul/subject/20971 600 04$aThomas Aquinas,$cs.,$dc. 1225-1274$xFilosofia.$0(OLS)http://pul/subject/1465 830 0$aSaggi per il nostro tempo ;$v21.$0(OLS)http://pul/title/105422 850 $aPUL 852 $aPUL$W1$xSL Religione 2$y84$mTheol F5 21$j142260$qStampati Altre Collocazioni$B141235$CPULBib$Z2$F141235 $H115131 $82 941 1 $a10 996 $6020$a978-88-465-0712-9$9(OLS)http://pul/number/145766 996 $6245$aIl Logos-Verbum mentis in s. Tommaso d'Aquino e in Bernard Lonergan$9(OLS)http://pul/title/155751 996 $6260$aRoma :$bLateran University Press$9(OLS)http://pul/publisher/74370 LEADER 01337nam a2200301 a 4500 001 000000126340 003 CaOOAMICUS 005 20110916125836.0 008 110916s2011 it k u000 u ita r 020 $a978-88-343-2102-7 040 $aPUL$bita 100 1 $aDi Benedetto, Francesco.$0(OLS)http://pul/name/80364 245 12$aL'anima e la matematica /$cFrancesco Di Benedetto ; Prefazione di Vincenzo Cicero. 260 $aMilano :$bVita e pensiero,$c©2011. 300 $a184 p. :$bformulari ;$c22 cm 490 1 $aTemi metafisici e problemi del pensiero antico. Studi e testi ;$v124 500 $aInclude indici. 504 $aBibliografia in nota. 650 4$aMatematica$xFilosofia.$0(OLS)http://pul/subject/20379 700 1 $aCicero, Vincenzo,$d1962-$0(OLS)http://pul/name/675 830 0$aTemi metafisici e problemi del pensiero antico.$pStudi e testi ;$v124.$0(OLS)http://pul/title/98294 850 $aPUL 852 $aPUL$W1$xSL Filosofia 2$y80$mPhil A10b 124$j145786$qStampati Altre Collocazioni$B144602$CPULBib$Z2$F144602 $H118002 $82 941 1 $a10 996 $6020$a978-88-343-2102-7$9(OLS)http://pul/number/147976 996 $6245$aL'anima e la matematica$9(OLS)http://pul/title/159556 996 $6260$aMilano :$bVita e pensiero$9(OLS)http://pul/publisher/48016 LEADER 01018nam a2200265 a 4500 001 000000170347 003 CaOOAMICUS 005 20181107140227.0 008 181107s1996 it 000 u ita r 020 $a88-17-84473-X* 032 $aLibriCat 040 $aPul$bita 100 1 $aGalbraith, John Kenneth,$d1908-$0(OLS)http://pul/name/14837 245 13$aLa buona societą / $cJohn Kenneth Galbraith ; traduzione di Orio Buffo e Paola Brivio . 260 $aMilano :$bRizzoli,$c©1996. 300 $a157 p. ; $c20 cm. 650 4$aEconomia e societą.$0(OLS)http://pul/subject/6910 650 4$aPolitica economica.$0(OLS)http://pul/subject/10570 850 $aPUL 852 $aPUL$W1$xDP1 Fondo De Girolamo$y124$m1 B 2$j33098$qFondi$B198625$CPULBib$Z2$F198625 $81 941 1 $a1 996 $6020$a88-17-84473-X*$9(OLS)http://pul/number/165213 996 $6245$aLa buona societą / $9(OLS)http://pul/title/211094 996 $6260$aMilano :$bRizzoli$9(OLS)http://pul/publisher/48712